000 00537nam a2200181Ia 4500
003 GCL
008 140319s9999 xx 000 0 ara d
040 _aGCL /
_cGCL
082 0 4 _a811
_bا ب
100 1 _aايليا الحاوى
245 1 0 _aبدر شاكر السياب: شاعر الاناشيد والمراكى: ح ع /
_cايليا الحاوى
260 _a[S.N] :
_bدار الكتاب اللبنانى
300 _a149 ص
490 _a
650 0 4 _aالشعر العربى
650 0 4 _aالشعر
942 _2ddc
_cBK
999 _c32422
_d32422